| 000 | 01857 a2200289 4500 | ||
|---|---|---|---|
| 003 | OSt | ||
| 005 | 20180116192338.0 | ||
| 008 | 120525t xxu||||| |||| 00| 0 eng d | ||
| 020 | _a1876907355 (hardcover) | ||
| 020 | _a9781876907358 (hardcover) | ||
| 040 | _c0 | ||
| 082 | 0 | 4 | _a712.0977 |
| 100 | 1 |
_aTischler, William. _92125 |
|
| 245 | 1 | 0 |
_aSmithgroup jjr : _bcreativity thru' collaboration / _cWilliam Tischler. |
| 260 |
_aVictoria : _bImages Publishing Dist A/C, _c2003. |
||
| 300 |
_a256 p. : _bill.; _c31 cm. |
||
| 490 | 1 | _aMaster landscape architect. | |
| 500 | _aIncludes bibliographical refrences and index | ||
| 520 | _aThe work of SmithGroup JJR is much more than parks, gardens, bike trails, boat harbors, campuses and urban cores. From the firm's roots in landscape architecture, they have grown into a multi-disciplinary practice that goes far beyond creating beautiful spaces. They address the complex relationship between humans and their environment, and integrate the characteristics of the land with the use patterns of that land. This hardbound, 256 page book showcases how SmithGroup JJR makes innovative design an important part of every project. You will see visual proof of the firm's belief that good design goes hand in hand with good planning, a process that encompasses everything from civil engineering and landscape architecture to environmental science, urban planning and much more. 256 pages 8 3/4" x 11 3/4" full color hardbound 1-87690-735-5. | ||
| 650 | 0 |
_aLandscape architects _92126 |
|
| 650 | 0 |
_aLandscape architecture _92127 |
|
| 651 |
_aUnited States _92128 |
||
| 830 | 0 |
_aMaster landscape architect. _92129 |
|
| 856 | 4 | 0 |
_3Amazon.com _uhttp://www.amazon.com/exec/obidos/ASIN/1876907355/chopaconline-20 |
| 942 |
_aSADA _cBK _k712.0977 TIS 2003 _2ddc |
||
| 999 |
_c352560 _d352560 |
||